JetPunk - Statistics

General Stats
  • This quiz has been taken 3 times
  • The average score is 5 of 9
Answer Stats
Hint Answer % Correct
What year was JetPunk launched? 2008
100%
How many badges are there? 31
67%
How many languages does JetPunk feature? 8
67%
What is the most Popular JetPunk quiz? Countries of the World Quiz
67%
What is the name of JetPunk's iconic logo? Jeppy
67%
What is the Countries of the World Quiz speedrun record? 2:05
33%
Who is Quizmaster and the founder of JetPunk? Dan Hostetler
33%
What company owns JetPunk? H Brothers Inc.
33%
What was his original name? Ike
33%
No matching quizzes found
Score Distribution
Percent of People with Each Score
Percentile by Number Answered
Your Score History
You have not taken this quiz